| 000 | 00719nam a22001937a 4500 | ||
|---|---|---|---|
| 999 |
_c190562 _d190562 |
||
| 005 | 20220727161312.0 | ||
| 010 | _aENG-134025 | ||
| 020 |
_a9788189983369 _c600.00 |
||
| 035 | _aEN-117557 | ||
| 037 | _bDBAD/PUB | ||
| 082 | _a796.077 | ||
| 245 |
_aSports Coaching/ _cEd. by Rajnikant P. Patel and Vijay Singh Gurjar |
||
| 260 |
_aNew Delhi _bKSK Publishers & Distributors _c2011 |
||
| 270 |
_a7/26, Basement, Ansari Road, Daryaganj, New Delhi _bNew Delhi _e110002 _k9811088729, 01165190343, 43551324, 42564726 _l42564726 _mkhelsahityal@rediffmail.com |
||
| 300 |
_a240p. _c22cm(pbk) _bBibliography |
||
| 700 | _aPatel, Rajnikant P. | ||
| 700 | _aGurjar. Vijay Singh | ||
| 942 |
_2ddc _cEN _h796.077 _mSPO |
||